000 01055nam a2200301 a 4500
003 MX-MxUPN
005 20241018063721.0
008 991125s1968 sp fr 000 0 spa d
035 _aUPN01000000979
040 _aMX-MxUPN
_bspa
_cMX-MxUPN
041 _aspa
_hfre
050 4 _aLB1105
_bP3.2a no.30
100 1 _aRousselet, Jean
_954183
240 1 2 _aL'adolescent en aprentissage.
_lEspañol
245 1 3 _aEl adolescente aprendiz
250 _aCuarta edición
260 _aBarcelona :
_bEditorial Luis Miracle,
_c1968.
300 _a170 páginas
490 0 _aPaideia. Biblioteca práctica de pedagogía, psicología y psicopatología de la infancia ;
_v30
650 4 _aAprendices
_97598
650 4 _aOrientación vocacional
_95
650 4 _aPsicología del aprendizaje
_95221
700 1 _932329
_aSaínz-Amor, Concepción,
_d1897-1994
_etraducción
710 2 _951353
_aCentro Nacional de Documentación e Información Educativa (México)
_epropietario anterior
902 _bMaríaRobles/171024
905 _aLibro
942 _2lcc
_cLIBRO
_n0
999 _c979
_d979